000 01196nam a2200229Ia 4500
001 L264-20379
003 IT-CnALBA
008 170116s9999||||xx |||||||||||||| ||und||
040 _aIT-CnALBA
_cIT-CnALBA
041 _aITALIANO
100 _aGUERANGER PROSPERO, ABATE DI SOLESMES
245 0 _aL'ANNO LITURGICO. LA SETTUAGESIMA.
250 _a1a ed.
260 _a TORINO - ROMA
_bMARIETTI EDITORE
_c1886 [1° Ed.:1886]
300 _a433 p.
500 _aDOMENICHE PRIMA DELLA QUARESIMA FINO AL MERCOLEDI DELLE CENERI. SANTI DI FEBBRAIO FINO AL 12 MARZO. TRADUZIONE DAL FRANCESE. S. BIAGIO. S. ANDREA CORSINI. S. AGATA. S. ROMUALDO ABATE. S. CIRILLO. S. SCOLASTICA. CATTEDRA DI S. PIETRO AD ANTIOCHIA. S. TOMMA
501 _aSocietà San Paolo EM - Piazza San Paolo, 14 - 12051 ALBA (CN) (non commercial uses only) ® Copyright 2017
520 _aDOMENICHE PRIMA DELLA QUARESIMA FINO AL MERCOLEDI DELLE CENERI. SANTI DI FEBBRAIO FINO AL 12 MARZO. TRADUZIONE DAL FRANCESE. S. BIAGIO. S. ANDREA CORSINI. S. AGATA. S. ROMUALDO ABATE. S. CIRILLO. S. SCOLASTICA. CATTEDRA DI S. PIETRO AD ANTIOCHIA. S. TOMMA
650 _aCULTO PUBBLICO LITURGIA
942 _cBK
957 _71
999 _a25117
_bSI
_g Copie: 1
_c279497
_d279497